| 000 | 00605nam a2200205 i 4500 | ||
|---|---|---|---|
| 001 | 45177 | ||
| 003 | ES-MaACL | ||
| 005 | 20230906161154.0 | ||
| 007 | t| | ||
| 008 | 030325s1961 sp ||||1| spa d | ||
| 080 | _a621.8-52 | ||
| 100 | 1 |
_aCleator, P. E. _939158 |
|
| 245 | 1 | 3 |
_aLa era del robot / _cP. E. Cleator ; versión española de Carmen Mayoral. |
| 260 |
_aMadrid, etc. : _bAlhambra, _c[1961] |
||
| 300 |
_a175 p., 23 lám. : _bil. ; _c19 cm. |
||
| 650 | 4 |
_aAutomatización. _9143161 |
|
| 650 |
_aRobots. _916923 |
||
| 700 | 1 |
_aMayoral, Carmen. _979418 |
|
| 852 |
_aES-MaACL _jC-19817 _bR.47625 |
||
| 999 |
_c45177 _d45177 |
||